LEADER 01205nam 2200337Ia 450 001 996389676203316 005 20200824132223.0 035 $a(CKB)1000000000639328 035 $a(EEBO)2240956341 035 $a(OCoLC)ocm12187528e 035 $a(OCoLC)12187528 035 $a(EXLCZ)991000000000639328 100 $a19850622d1670 uy | 101 0 $aeng 135 $aurbn||||a|bb| 200 00$aMerry drollery, complete, or, A collection of jovial poems, merry songs, witty drolleries, intermixed with pleasant catches$b[electronic resource] /$fcollected by W.N., C.B., R.S., J.G. lovers of wit 210 $aLondon $cPrinted for Simon Miller ...$d1670 215 $a350, [9] p 300 $aAdvertisement: p. [8]-[9] at end. 300 $aThe second part has special t.p. on p. 209. 300 $aReproduction of original in Huntington Library. 330 $aeebo-0113 701 $aW. N$01006506 801 0$bEAA 801 1$bEAA 801 2$bm/c 801 2$bWaOLN 906 $aBOOK 912 $a996389676203316 996 $aMerry drollery, complete, or, A collection of jovial poems, merry songs, witty drolleries, intermixed with pleasant catches$92350251 997 $aUNISA